Monty Python Actors Quiz Stats

 Plays Quiz Updated Jul 10, 2019

Support Sporcle.
Go Orange.
Score 0/6 Timer 02:00
0 Plays Today
Actor % Correct
John Cleese
97.1%
Eric Idle
84.2%
Michael Palin
80.1%
Terry Gilliam
76%
Graham Chapman
69%
Terry Jones
65.4%

From the Vault

Cryptogram Checker

by goc3

Well it's always important to use your cryptogram checker after using your cryptogram cracker.
Remove Ads.
Support Sporcle.
Get the best of Sporcle when you Go Orange. This ad-free experience offers more features, more stats, and more fun while also helping to support Sporcle. Thank you for becoming a member.

Show Comments

Extras

Top Quizzes Today


Score Distribution

Your Account Isn't Verified!

In order to create a playlist on Sporcle, you need to verify the email address you used during registration. Go to your Sporcle Settings to finish the process.

Report this User

Report this user for behavior that violates our Community Guidelines.

Details: